Alexandrie : histoire d'un mythe /

محفوظ في:

المؤلف الرئيسي: Claudel, Paul-Andre.

التنسيق: كتاب

اللغة: French

منشور في: Paris : Ellipses, 2011.

سلاسل: Biographies et mythes historiques.

الموضوعات:

الوسوم: إضافة وسم

لا توجد وسوم, كن أول من يضع وسما على هذه التسجيلة!

رقم الطلب: DT154 .A4 C478 2011

LEADER 00762nam a2200217Ia 4500
003 OSt
005 20240109125126.0
008 111004s2011 fr 000 0 fre d
952 |0 0  |1 0  |2 lcc  |4 0  |6 DT0154 A4 C478 02011  |7 1  |9 59121  |a ARCE  |b ARCE  |d 2024-01-09  |l 0  |o DT154 .A4 C478 2011  |p 1002690  |r 2024-01-09 00:00:00  |w 2024-01-09  |y BK 
999 |c 47519  |d 47519 
020 |a 9782729866303 
040 |c ARCE Library 
050 4 |a DT154 .A4 C478 2011 
100 1 |a Claudel, Paul-Andre. 
245 1 0 |a Alexandrie :   |b histoire d'un mythe /   |c Paul-Andre Claudel. 
264 1 |a Paris :   |b Ellipses,   |c 2011. 
300 |a 372 p. :   |b xvi p. de pl. ;   |c 24 cm. 
490 0 |a Biographies et mythes historiques. 
651 0 |a Alexandria (Egypt)   |x History. 
901 |a reviewed 
942 |2 lcc  |c BK